000 00359nam a2200145Ia 4500
008 151213s9999 xx 000 0 und d
100 _aM.A.Qayyun
245 _aEarly Bengali Grammars
_cM.A.Qayyun
260 _aDhaka
_bAsiatic Socitey
_c1982
300 _a7183 p.
650 _aBangla
650 _aBangla Literature
700 _aM.A.Qayyun
999 _c3821
_d3821